000 00720nam a22002417a 4500
003 MX-MxINE
005 20260530115315.0
008 260504b1978 sp |||| |||| 00| 0 spa d
020 _a8425207258
040 _aICI
_bspa
_cICI
_erda
041 _aspa
050 _aDS777.57
_bL58 1978
100 _a Liu, Alan P. L.,
_d1937-
_eautor
_933464
245 _a Comunicación e integración nacional en la China comunista /
_cAlan P. L. Liu
264 1 _aBarcelona :
_bGustavo Gili,
_c1978
300 _a272 páginas
336 _2rdacontent
_atexto
337 _2rdamedia
_asin medio
338 _2rdacarrier
_avolumen
490 _aColección punto y línea
650 4 _aPropaganda china
_933465
942 _2lcc
_n1
_cBK
999 _c13544
_d13544